Effects of futures trading on prices (Record no. 36984)

MARC details
000 -LEADER
fixed length control field 00305nam a2200121Ia 4500
082 ## - DEWEY DECIMAL CLASSIFICATION NUMBER
Classification number 338.5
Item number NAI;1
100 ## - MAIN ENTRY--AUTHOR NAME
Personal name NAIK, A S
245 #0 - TITLE STATEMENT
Title Effects of futures trading on prices
260 ## - PUBLICATION, DISTRIBUTION, ETC. (IMPRINT)
Place of publication Bombay
Name of publisher Somaiya
Year of publication 1970
650 ## - SUBJECT ADDED ENTRY--TOPICAL TERM
Topical Term Futures trading
942 ## - ADDED ENTRY ELEMENTS (KOHA)
Koha item type Books
Holdings
Withdrawn status Lost status Damaged status Not for loan Home library Current library Date acquired Full call number Accession Number Koha item type
        RRII Library RRII Library 16/12/2021 338.5 NAI;1 17376 Books